Αρχιτεκτονικός σχεδιασμός : τι είναι αυτό; : ο πειρασμός μιάς θεωρίας

Αποθηκεύτηκε σε:
Λεπτομέρειες βιβλιογραφικής εγγραφής
Κύριος συγγραφέας: Τζώνος, Πάνος, 1940-
Μορφή: Βιβλίο
Γλώσσα:Greek
Δημοσίευση: Αθήνα : Παπασωτηρίου, 1996.
Θέματα:
Ετικέτες: Προσθήκη ετικέτας
Δεν υπάρχουν, Καταχωρήστε ετικέτα πρώτοι!

MARC

LEADER 00000cam a2200000 i 4500
001 1/100254
008 090119s1996 gr | ||| |||| ||gre||
020 |a 9607510364 
035 |l 10102784 
040 |a GR-MyUa  |b gre  |e AACR2 
041 0 |a gre 
082 7 |a 720.1   |2 (22) 
100 1 |a Τζώνος, Πάνος,   |d 1940- 
245 1 0 |a Αρχιτεκτονικός σχεδιασμός :   |b τι είναι αυτό; : ο πειρασμός μιάς θεωρίας /   |c Π. Τζώνος. 
260 |a Αθήνα :   |b Παπασωτηρίου,   |c 1996. 
300 |a 78 σ. :   |b εικ. ;   |c 24 εκ. 
504 |a Περιλαμβάνει βιβλιογραφίες. 
650 0 |a Architectural design. 
852 |a INST  |b SYROS  |e 20090119  |h 720.1 ΤΖΩ  |p 005500008749  |q 005500008749  |t BK  |y 0 
901 |a BIBL5-2008-3 
922 |a 5ΕΛΗ  |b 200705  |c ΕΠΕΑΕΚ2/ΤΜΣΠΣ  |d Σ. Πατάκης 
970 |a Καγιαβά  |b Ειρήνη  |z 19/01/2009